000 00747cam a2200289 4500
001 B1209
008 090401t1987 xxu||||| |||| 00| 0 eng d
035 _a(Sirsi) u43182
041 _aeng
050 _a333.33016
110 _aJones Lang Wootton
_92909
245 4 _aThe property index . - March 31st 1987
260 _aLondon
_bJones Lang Wootton
_c1987
300 _a1 folded sheet (6p.) ; 30cm.
350 _a9.5
650 _aFARM LAND
650 _aINDUSTRIAL PROPERTY
650 _aOFFICES
650 _aPROPERTY INDEXES
650 _aPROPERTY INVESTMENT
650 _aSHOPS
710 _aHealey and Baker
_91907
710 _aHillier Parker
_92054
710 _aRichard Ellis
_91875
942 _n0
948 _c04/03/1997
999 _c91263
_d91263